000 00260nam a22000977a 4500
008 231013b |||||||| |||| 00| 0 eng d
020 _a9780670095926
100 _aNikhil Menon
_97719
245 _aPlanning Democracy
260 _aPenguin Random House
_bHaryana
_c2022
999 _c12453
_d12453